Culture précise - Napoléon et l'Empire français - Statistiques

Statistiques générales
  • Ce quiz a été pris 170 fois
  • Le résultat moyen est 6 sur 10
Statistiques - réponses
Hint Réponse % Correct
De quelle île est originaire le futur empereur ? Corse
99%
Quel est son nom de famille ? Bonaparte
97%
Sur quelle île Napoléon est mort ? Saint-Hélène
89%
Quel code juridique s'appelait le "Code Napoléon" ? Le Code Civil
84%
Sur quelle île Napoleon est une première fois exilé ? Elbe
80%
Quel était le nom de la première épouse de Napoléon ? Joséphine de Beauharnais
57%
Quelle est la date exacte de celle-ci ? 2 décembre 1805
36%
Quelle ville, chef lieu de la Vendée, s'appelait Napoléon ? La Roche sur Yon
35%
Combien de temps après son sacre, Napoléon remporte la bataille d'Austerlitz ? Un an
29%
Dans quel maison le couple habitait il ? Malmaison
17%
Aucun quiz correspondant
Distribution des résultats
% des personnes avec chaque résultat
Percentile par nombre de réponses
Votre historique - résultats
Vous n’avez pas pris ce quiz